| 000 | 00578nam a2200157 a 4500 | ||
|---|---|---|---|
| 040 | _cDLC | ||
| 082 | 0 | 0 | _a630 REP 1982 C022 Or. |
| 245 | 0 | 0 | _aReport of an exploratory workshop on the role of anthropologists and other social scientists in interdisciplinary teams developing improved food production technology / |
| 260 |
_aManila, Philippines : _bIRRI, _c1982. |
||
| 300 |
_a101 p. : _bill. ; _c23 cm. |
||
| 650 | 0 | _aAgriculture | |
| 650 | 0 | _aAgriculture | |
| 710 | 2 | _aInternational Rice Research Institute. | |
| 710 | 2 | _aUnited Nations Development Programme. | |
| 942 | _cAEDBB | ||
| 999 |
_c22535 _d22535 |
||